000 00444pam a2200181 a 4500
003 OSt
008 841220s1985 nyua b 001 0 eng
020 _a0470201517
041 _aeng
082 0 0 _a660.28426
_bMAS/SP
100 1 _aMasters, K.
_95514
245 1 0 _aSpray drying handbook /
250 _a4th ed.
260 _aNew York :
_bHalsted Press,
_c1985.
300 _axiv, 696 p. :
_bill. ;
650 0 _aSpray drying.
_95515
942 _cBK
999 _c6884
_d6884